|
|
|
|
| LEADER |
00000cam a2200000 i 4500 |
| 001 |
1/47498 |
| 008 |
960530s1987####gr | ||| |||| ||gre|| |
| 035 |
|
|
|a 1991
|c ΔΩΡ.
|l 10043080
|
| 040 |
|
|
|a GR-MyUA
|b gre
|e AACR2
|
| 041 |
0 |
|
|a gre
|
| 082 |
0 |
|
|a 780.92
|
| 100 |
1 |
|
|a Θεοδωράκης, Μίκης,
|d 1925-2021.
|
| 245 |
1 |
3 |
|a Οι δρόμοι του αρχαγγέλου :
|b αυτοβιογραφία /
|c Μίκης Θεοδωράκης ; εξώφυλλο-επιμέλεια Σπύρος Καραχρήστος.
|
| 250 |
|
|
|a 2η έκδ.
|
| 260 |
|
|
|a Αθήνα :
|b Κέδρος,
|c 1987.
|
| 300 |
|
|
|a 187 σ. :
|b εικ. ;
|c 24 εκ.
|
| 600 |
1 |
0 |
|a Theodorakis Mikis.
|
| 650 |
0 |
0 |
|a Composers
|z Greece
|x Biography.
|
| 700 |
1 |
|
|a Καραχρήστος, Σπύρος,
|e edt
|
| 852 |
|
|
|a INST
|b CHIOS
|e 19960530
|h 889.092 ΘΕΟ
|p 005200008116
|q 005200008116
|t BK
|y 0
|z ???
|
| 852 |
|
|
|a INST
|b CHIOS
|e 19960530
|h 889.092 ΘΕΟ
|p 005200008116
|q 005200008116
|t BK
|v τ.3:
|y 0
|z ???
|
| 852 |
|
|
|a INST
|b SAMOS
|e 19980629
|h 780.92 ΘΕΟ
|p 005300000654
|q 005300000654
|t BK
|y 0
|z τ.3
|
| 852 |
|
|
|a INST
|b SAMOS
|e 19980629
|h 780.92 ΘΕΟ
|p 005300000654
|q 005300000654
|t BK
|v τ.3:
|y 0
|z τ.3
|
| 853 |
|
|
|a INST
|b CHIOS
|h 889.092 ΘΕΟ
|
| 853 |
|
|
|a INST
|b SAMOS
|h 780.92 ΘΕΟ
|
| 909 |
|
|
|a Σ
|b 019207
|
| 909 |
|
|
|a Χ
|b 019436
|